[Event "SVK-ch U16"]
[Site "Liptovsky Mikulas"]
[Date "2017.04.22"]
[Round "1"]
[White "Kanassy, Martin"]
[Black "Matis, Tibor"]
[Result "0-1"]
[WhiteElo "1489"]
[BlackElo "1872"]
[PlyCount "105"]
[EventDate "2017.04.22"]
[EventType "swiss"]
[EventRounds "9"]
[EventCountry "SVK"]
[SourceTitle "CBM 178 Extra"]
[Source "ChessBase"]
[SourceDate "2017.06.22"]
[SourceVersion "1"]
[SourceVersionDate "2017.06.22"]
[SourceQuality "1"]

1. c4 Nf6 2. Nc3 g6 3. g3 Bg7 4. Bg2 d6 5. e3 0-0 6. Nge2 e5 7. 0-0 c6 8. d4 Nbd7 9. Qc2 Ne8 10. b3 f5 11. Rd1 Nc7 12. Ba3 Rf6 13. Rd2 e4 14. b4 g5 15. b5 Nb6 16. Nd1 cxb5 17. cxb5 Bd7 18. Rc1 Nxb5 19. Qb3+ d5 20. Nb2 Nxa3 21. Qxa3 Bf8 22. Qb3 Rc8 23. Rdc2 Rfc6 24. Nc3 Qc7 25. Nxd5 Nxd5 26. Qxd5+ Kh8 27. Rxc6 bxc6 28. Qb3 Rb8 29. Qc3 Bb4 30. Qc2 Ba3 31. d5 Bxb2 32. Rb1 Qb6 33. dxc6 Qxc6 34. Rxb2 Qxc2 35. Rxc2 Rb1+ 36. Bf1 Bb5 37. Rc8+ Kg7 38. h4 Rxf1+ 39. Kg2 gxh4 40. gxh4 a6 41. Rc5 Kf6 42. Rxb5 Rxf2+ 43. Kxf2 axb5 44. Kg3 Ke5 45. h5 h6 46. a3 Kf6 47. Kf4 Ke6 48. Kg3 Ke5 49. Kf2 f4 50. exf4+ Kxf4 51. Ke2 Kg4 52. Ke3 Kxh5 53. Kxe4 0-1

[Event "SVK-ch U12"]
[Site "Stara Lubovna"]
[Date "2014.04.12"]
[Round "9"]
[White "Varga, Lukas"]
[Black "Kanassy, Martin"]
[Result "1/2-1/2"]
[WhiteElo "1000"]
[BlackElo "1272"]
[PlyCount "48"]
[EventDate "2014.04.05"]
[EventType "swiss"]
[EventRounds "9"]
[EventCountry "SVK"]
[SourceTitle "EXT 2016"]
[Source "ChessBase"]
[SourceDate "2015.10.08"]
[SourceVersion "1"]
[SourceVersionDate "2015.10.08"]
[SourceQuality "1"]

1. e4 e6 2. Nc3 d5 3. exd5 exd5 4. Nf3 Nf6 5. d4 Nc6 6. Bg5 Bb4 7. Qd3 0-0 8. 0-0-0 Bxc3 9. Qxc3 Bg4 10. Re1 Qd6 11. Bd3 Bxf3 12. gxf3 Rfe8 13. Reg1 h6 14. Bxh6 g6 15. Bxg6 fxg6 16. Qd3 Ne7 17. Rxg6+ Kf7 18. Rg7+ Ke6 19. Re1+ Kd7 20. Qb5+ Qc6 21. Qe2 Nfg8 22. Bg5 Qd6 23. Qb5+ Qc6 24. Qe2 Qd6 1/2-1/2

[Event "SVK-ch U12"]
[Site "Stara Lubovna"]
[Date "2014.04.11"]
[Round "8"]
[White "Kanassy, Martin"]
[Black "Jakab, Bela"]
[Result "0-1"]
[WhiteElo "1272"]
[BlackElo "1705"]
[PlyCount "104"]
[EventDate "2014.04.05"]
[EventType "swiss"]
[EventRounds "9"]
[EventCountry "SVK"]
[SourceTitle "EXT 2016"]
[Source "ChessBase"]
[SourceDate "2015.10.08"]
[SourceVersion "1"]
[SourceVersionDate "2015.10.08"]
[SourceQuality "1"]

1. e4 c5 2. Nf3 d6 3. d4 cxd4 4. Nxd4 Nf6 5. Nc3 g6 6. Bc4 Bg7 7. 0-0 Nc6 8. Nxc6 bxc6 9. Re1 0-0 10. Bg5 Rb8 11. Bb3 Ba6 12. Rb1 c5 13. Qd2 Qb6 14. Bh6 Rfc8 15. Bxg7 Kxg7 16. e5 dxe5 17. Rxe5 Qc7 18. Ree1 Rd8 19. Qe3 Ng4 20. Qg3 Qxg3 21. fxg3 e6 22. h3 Nf6 23. Red1 Rd4 24. Rxd4 cxd4 25. Na4 Ne4 26. Kh2 Nd2 27. Rd1 Nxb3 28. axb3 Rd8 29. Nc5 Bb5 30. Ne4 h6 31. Kg1 f5 32. Nc5 Kf6 33. Kf2 e5 34. Ke1 e4 35. Nb7 Rd7 36. Nc5 Rc7 37. b4 Ke5 38. Nb3 Rd7 39. Nc5 Rd8 40. Nb7 Rc8 41. Nc5 a6 42. h4 h5 43. Rd2 Rc7 44. Rd1 Bc4 45. Rd2 a5 46. c3 d3 47. Kf2 axb4 48. cxb4 Kd4 49. Ke1 e3 50. Rd1 d2+ 51. Rxd2+ exd2+ 52. Kxd2 Re7 0-1

[Event "SVK-ch U12"]
[Site "Lubovna"]
[Date "2013.04.13"]
[Round "9"]
[White "Drab, Matus"]
[Black "Kanassy, Martin"]
[Result "0-1"]
[WhiteElo "1000"]
[BlackElo "1173"]
[PlyCount "120"]
[EventDate "2013.04.06"]
[EventType "swiss"]
[EventRounds "9"]
[EventCountry "SVK"]
[SourceTitle "CBM 153 Extra"]
[Source "ChessBase"]
[SourceDate "2013.04.22"]
[SourceVersion "1"]
[SourceVersionDate "2013.04.22"]
[SourceQuality "1"]

1. e4 e5 2. Nf3 Nf6 3. Nxe5 Qe7 4. Ng4 Nxe4 5. Qe2 Nd6 6. Qxe7+ Bxe7 7. d4 Nf5 8. c3 d5 9. Bd3 Nxd4 10. cxd4 Bxg4 11. Nc3 c6 12. h3 Bh5 13. Be3 0-0 14. 0-0 Nd7 15. b4 a6 16. Rfe1 Bxb4 17. Bd2 Rfe8 18. Reb1 Bxc3 19. Bxc3 b5 20. Bb4 Be2 21. Bf5 Nf6 22. Rb2 Bc4 23. Bc5 g6 24. Bg4 Nxg4 25. hxg4 Re2 26. Rxe2 Bxe2 27. Re1 Bxg4 28. f3 Be6 29. Kh2 Re8 30. Kg3 Bd7 31. Rxe8+ Bxe8 32. Kg4 Kg7 33. f4 Kf6 34. Bd6 Bd7+ 35. Kf3 Kf5 36. g4+ Kf6 37. Be5+ Ke6 38. g5 Kf5 39. a3 Be6 40. Bf6 a5 41. Bd8 a4 42. Bc7 f6 43. gxf6 Kxf6 44. Be5+ Kf5 45. Bd6 h5 46. Be7 Bd7 47. Bg5 b4 48. axb4 a3 49. b5 a2 50. bxc6 Bxc6 51. Bh4 a1Q 52. Bf2 Qc3+ 53. Be3 h4 54. Kf2 h3 55. Kf3 h2 56. Kg3 Qxe3+ 57. Kg2 Kg4 58. f5 Qe2+ 59. Kh1 Kh3 60. f6 Qf1# 0-1

[Event "SVK-ch U12"]
[Site "Lubovna"]
[Date "2013.04.09"]
[Round "5"]
[White "Kanassy, Martin"]
[Black "Verbovsky, Michal"]
[Result "0-1"]
[WhiteElo "1173"]
[BlackElo "1185"]
[PlyCount "86"]
[EventDate "2013.04.06"]
[EventType "swiss"]
[EventRounds "9"]
[EventCountry "SVK"]
[SourceTitle "CBM 153 Extra"]
[Source "ChessBase"]
[SourceDate "2013.04.22"]
[SourceVersion "1"]
[SourceVersionDate "2013.04.22"]
[SourceQuality "1"]

1. e4 d6 2. d4 Nf6 3. Nc3 g6 4. Nf3 Bg7 5. Bf4 0-0 6. Bc4 Bg4 7. 0-0 c6 8. Re1 Qb6 9. Bb3 Bxf3 10. gxf3 Qa5 11. d5 a6 12. a3 Nfd7 13. Qd2 Bxc3 14. Qxc3 Qxc3 15. bxc3 c5 16. c4 a5 17. a4 Na6 18. Bh6 Rfe8 19. Re3 b6 20. Kg2 f6 21. Bf4 g5 22. Bg3 h5 23. h3 h4 24. Bh2 Kg7 25. f4 gxf4 26. Bxf4 Rg8 27. Kh1 Kh7 28. Rg1 Rxg1+ 29. Kxg1 Rg8+ 30. Kh1 Ne5 31. Bxe5 dxe5 32. Kh2 Rg6 33. Re1 Kh6 34. Rg1 Rxg1 35. Kxg1 Kg5 36. f3 Kf4 37. Kf2 Nb4 38. c3 Nd3+ 39. Kg2 Ne1+ 40. Kf2 Nxf3 41. Bd1 Nd2 42. Be2 Nxe4+ 43. Kg2 Nxc3 0-1